Vista normal Vista MARC

Entrada Topical Term

Número de registros utilizados en: 3

001 - CONTROL NUMBER

  • control field: 194

003 - CONTROL NUMBER IDENTIFIER

  • control field: OSt

005 - DATE AND TIME OF LATEST TRANSACTION

  • control field: 20200205165614.0

008 - FIXED-LENGTH DATA ELEMENTS

  • fixed length control field: 200205|| aca||aabn | a|a d

040 ## - CATALOGING SOURCE

  • Original cataloging agency: OSt
  • Transcribing agency: OSt

150 ## - HEADING--TOPICAL TERM

  • Topical term or geographic name entry element: Novela de ciencia ficción

670 ## - SOURCE DATA FOUND

  • Source citation: Work cat.: (OSt)6434: Mitchell, David, autor 175, El atlas de las nubes / , 2012